00186nam a2200073Ia 4500008004100000100001800041245003200059260002100091120527s9999 xx 000 0 und d aLOUIS, Fisher aAmerican Constitutional Law bCarolina Academy